000 00880nam a2200253Ia 4500
003 OSt
005 20220930063853.0
006 a|||||r|||| 00| 0
007 ta
008 220926b |||||||| |||| 00| 0 eng d
024 _a3422
037 _cTheses
040 _aCRL
_cCRL
_beng
041 _2eng
_aeng
100 _aRaychaudhari Govind
_9523642
110 _aUniversity of Delhi. Faculty of Science. Department of Chemistry
_9519399
245 0 _aChemical examination of some Indian medicinal plants and studies in the chemical constitution of their physiological active constituents
260 _c1958
650 _aCHEMISTRY
700 _a Prof S Siddiqui Supervisor
_9523643
700 _aUniversity of Delhi. Faculty of Science. Department of Chemistry
_9519402
942 _cDIS
_2CC
999 _c857418
_d857418